Google Images Search Suggestions A-Z: 8/18/11 Quiz Stats

 Plays Quiz not verified by Sporcle

Also try: Men With Cats
Challenge
Share
Tweet
Embed
Score 0/78 Timer 10:00
0 Plays Today
Letter - Ranking % Correct
C-3Cat
49.1%
D-1Dogs
49.1%
L-2Lady Gaga
41.8%
J-1Justin Bieber
40%
G-1Google
30.9%
B-1Beyonce
29.1%
F-1Facebook
27.3%
H-2Harry Potter
27.3%
U-1US map
27.3%
I-1iPhone
23.6%
B-2Baby
21.8%
C-2Cars
21.8%
K-1Katy Perry
21.8%
I-3iPad
20%
M-3Miley Cyrus
18.2%
R-2Rihanna
18.2%
Y-1Youtube
18.2%
A-1Amy Winehouse
16.4%
F-2Flowers
16.4%
M-2Megan Fox
16.4%
S-1Selena Gomez
16.4%
S-3Sun
16.4%
T-3Taylor Swift
16.4%
B-3Beach
14.5%
E-1Emma Watson
14.5%
E-2Eminem
14.5%
Y-2Yahoo
14.5%
A-3Adele
12.7%
F-3Funny
12.7%
J-3Jennifer Aniston
12.7%
D-2Drake
10.9%
D-3Demi Lovato
10.9%
H-3Heart
10.9%
L-1Love
10.9%
X-1Xbox
10.9%
G-2Girl
9.1%
I-2Images
9.1%
K-3Kate Middleton
9.1%
W-2World Map
9.1%
Letter - Ranking % Correct
X-2X-Men
9.1%
V-2Vans
7.3%
M-1Mila Kunis
5.5%
P-2Pokemon
5.5%
A-2Alex Morgan
3.6%
C-1Casey Anthony
3.6%
E-3Emo
3.6%
N-1Nicki Minaj
3.6%
O-2Olivia Wilde
3.6%
R-3Rose
3.6%
T-1Tattoos
3.6%
Z-2Zooey Deschanel
3.6%
N-3Nature
1.8%
P-3Pitbull
1.8%
Q-1Quotes
1.8%
Q-2Question Mark
1.8%
R-1Rosie Huntington-Whiteley
1.8%
S-2St. Basil's Cathedral
1.8%
U-2Unicorn
1.8%
U-3Ugly People
1.8%
V-1Vanessa Hudgens
1.8%
W-1Wallpaper
1.8%
Z-1Zac Efron
1.8%
Z-3Zombie
1.8%
G-3Gregor Mendel
0%
H-1Hope Solo
0%
J-2Jamie Dingman
0%
K-2Kate Upton
0%
L-3Larissa Riquelme
0%
N-2Naruto
0%
O-1Owl
0%
O-3Optimus Prime
0%
P-1Planking
0%
Q-3QR Code
0%
T-2Tom Felton
0%
V-3Voldemort
0%
W-3Wiz Khalifa
0%
X-3Xperia Arc
0%
Y-3Yingluck Shinawatra
0%

You're not logged in!

Compare scores with friends on all Sporcle quizzes.
Join for Free
OR
Log In

You Might Also Like...

Show Comments

Extras

Created Aug 18, 2011ReportNominate
Tags:A-Z, appearance, google, suggestion

Top Quizzes Today


Score Distribution

Your Account Isn't Verified!

In order to create a playlist on Sporcle, you need to verify the email address you used during registration. Go to your Sporcle Settings to finish the process.

Report this User

Report this user for behavior that violates our Community Guidelines.

Details: